La entrevista laboral : Como manejar sus puntos fuertes y debiles / Martha Alicia Alles (Registro nro. 13464)
[ vista simple ]
| 000 -LÍDER | |
|---|---|
| fixed length control field | 00631nam a2200157 4500 |
| 008 - ELEMENTOS DE LONGITUD FIJA -- INFORMACIÓN GENERAL | |
| fixed length control field | 01999 1999 0a 000 0ARG |
| 020 ## - NÚMERO INTERNACIONAL NORMALIZADO PARA LIBROS | |
| ISBN | 950-641-270-7 |
| 050 ## - SIGNATURA TOPOGRAFICA DE LA BIBLIOTECA DEL CONGRESO (LC) | |
| Número de Clasificación | Hf5549.5.I6 A55 1999 |
| 082 ## - NUMERO DE CLASIFICACION DECIMAL DEWEY | |
| Número de Clasificación | 658.311 2 A398el |
| 100 ## - ASIENTO PRINCIPAL--NOMBRE PERSONAL | |
| Nombre personal | Alles, Alicia, Martha |
| 245 ## - TÍTULO | |
| Título | La entrevista laboral : Como manejar sus puntos fuertes y debiles / Martha Alicia Alles |
| 260 ## - PUBLICACIÓN, DISTRIBUCIÓN, ETC. (PIE DE IMPRENTA) | |
| Lugar de publicación, distribución, etc. | Buenos Aires, Argentina : Granica |
| 300 ## - DESCRIPCIÓN FÍSICA | |
| Extensión | 138 p. / 26 cm |
| 500 ## - NOTA GENERAL | |
| Nota general | Incluye índice, referencia bibliografica, otros titulos de ediciones Granica y coleecion de otros cuadernos Granica |
| 650 ## - ASIENTO SECUNDARIO DE MATERIA - TERMINO TEMÁTICO | |
| Término temático o nombre geográfico como elemento de entrada | 1.ENTREVISTA \ 2.rECLUTAMIENTO DE EMPLEADOS |
| No. biblioteca | No. biblioteca | Número de clasificación | Código de barras/Número de adquisición | Número de copia | Tipo de material |
|---|---|---|---|---|---|
| LUIS G. INCLAN | LUIS G. INCLAN | 658.311 2 A398el | 39334 | 1 | Libros |
| LUIS G. INCLAN | LUIS G. INCLAN | 658.311 2 A398el | 39335 | 2 | Libros |
| LUIS G. INCLAN | LUIS G. INCLAN | 658.311 2 A398el | 39336 | 3 | Libros |
| LUIS G. INCLAN | LUIS G. INCLAN | 658.311 2 A398el | 39337 | 4 | Libros |
